000 00363 a2200169 4500
001 182181
020 _a85-01-04376-1
040 _cMagnum
100 _aGattai, Zélia
240 1 0 _aCrônica de uma namorada
_lpor
245 1 0 _aCrônica de uma namorada
300 _a221
362 0 _a1995
440 1 _aRecord
697 _aLITERATURA GERAL
942 _cBK
999 _c182181
_d182181